000 00527nam a2200241Ia 4500
003 IT-RoPAU
005 20220918175926.0
008 120407s9999 xx 000 0 und d
040 _aIT-RoPAU
040 _cIT-RoPAU
041 _aita
100 _aArthur Rich
_936309
245 _aDetica economica
250 _aBrescia
260 _aQueriniana
260 _c1993
300 _a772 p.
300 _c23 cm
490 _aBiblioteca di Teologia contemporanea
490 _v73
942 _cBK
_2ddc
999 _c36699
_d36699